Деньги. Кредит. Банки: учебное пособие

Bibliografske podrobnosti
Glavni avtor: Олейникова И. Н. Ирина Николаевна
Izvleček:В учебном пособии рассмотрены история и теория денег и денежного обращения, особенности становления и развития денежных систем России и ряда зарубежных стран, структура платежной системы России, практика организации наличного и безналичного денежного оборота. Существенное внимание уделено проблемам инфляции и антиинфляционного регулирования, организации валютной системы и валютной политики России, регулирования платежного баланса. Особое место отведено структурно-функциональным аспектам организации деятельности институтов кредитной системы России, вопросам развития банковского регулирования и надзора, реализации стратегии формирования конкурентоспособного банковского сектора. Для студентов, аспирантов и преподавателей экономических специальностей вузов, слушателей системы послевузовского образования.
Jezik:ruščina
Izdano: Москва, Магистр, 2010
Teme:
Format: Knjiga
KOHA link:https://koha.lib.tpu.ru/cgi-bin/koha/opac-detail.pl?biblionumber=180846

MARC

LEADER 00000nam0a2200000 4500
001 180846
005 20231101223559.0
010 |a 9785977600613 
035 |a (RuTPU)RU\TPU\book\196050 
090 |a 180846 
100 |a 20100526d2010 m y0rusy50 ca 
101 0 |a rus 
102 |a RU 
105 |a a j 001zy 
200 1 |a Деньги. Кредит. Банки  |e учебное пособие  |f И. Н. Олейникова 
210 |a Москва  |c Магистр  |d 2010 
215 |a 509 с.  |c ил. 
320 |a Библиогр.: с. 508-509. 
330 |a В учебном пособии рассмотрены история и теория денег и денежного обращения, особенности становления и развития денежных систем России и ряда зарубежных стран, структура платежной системы России, практика организации наличного и безналичного денежного оборота. Существенное внимание уделено проблемам инфляции и антиинфляционного регулирования, организации валютной системы и валютной политики России, регулирования платежного баланса. Особое место отведено структурно-функциональным аспектам организации деятельности институтов кредитной системы России, вопросам развития банковского регулирования и надзора, реализации стратегии формирования конкурентоспособного банковского сектора. Для студентов, аспирантов и преподавателей экономических специальностей вузов, слушателей системы послевузовского образования. 
606 1 |a Финансы  |x Экономика  |y Россия  |2 stltpush  |3 (RuTPU)RU\TPU\subj\67534  |9 83291 
610 1 |a деньги 
610 1 |a кредит 
610 1 |a банки 
610 1 |a теория 
610 1 |a история 
610 1 |a денежные системы 
610 1 |a денежное обращение 
610 1 |a денежные реформы 
610 1 |a 17 век 
610 1 |a 18 век 
610 1 |a 19 век 
610 1 |a 20 век 
610 1 |a зарубежные страны 
610 1 |a Франция 
610 1 |a Великобритания 
610 1 |a Германия 
610 1 |a США 
610 1 |a Канада 
610 1 |a Китай 
610 1 |a Япония 
610 1 |a платежный оборот 
610 1 |a безналичные расчеты 
610 1 |a монетаризм 
610 1 |a инфляция 
610 1 |a антиинфляционная политика 
610 1 |a валютная система 
610 1 |a валютная политика 
610 1 |a платежный баланс 
610 1 |a ссудный капитал 
610 1 |a кредитная система 
610 1 |a банковская система 
610 1 |a центральные банки 
610 1 |a Банк России 
610 1 |a коммерческие банки 
610 1 |a банковское регулирование 
610 1 |a учебные пособия 
686 |a У9(2)26я73  |v LBC/SL-A  |2 rubbk 
700 1 |a Олейникова  |b И. Н.  |g Ирина Николаевна 
801 1 |a RU  |b 63413507  |c 20100526 
801 2 |a RU  |b 63413507  |c 20150521  |g RCR 
942 |c BK 
959 |a 33/20100524  |d 2  |e 259,90  |f ЧЗГЛ:1  |f АНЛ:1